000 00519nam a22001817a 4500
999 _c5850
_d5850
003 GBCCL
005 20241126110551.0
008 180411b ||||| |||| 00| 0 eng d
040 _cgbc
082 _a248.86
_bCER
100 _aCerullo, Morris
_910592
245 _aWhy do the righteous suffer? /
_cMorris Cerullo
260 _aSan Diego:
_bMorris Cerullo World Evangelism
300 _a98 p.;
_bill.,
_c21 cm.
650 _aSpiritual healing
_vStudy & teaching
_910593
650 _aSuffering
_97866
942 _2ddc
_cBK
_03